000 00573nam a2200217 a 4500
001 BRCA_4077
005 20190320204534.0
008 160210s1963----nyua######---#000-0#eng-#
041 _aeng
044 _anyu
050 4 _aPZ3
_b.M38 1963
100 1 _aMaurier, Daphne du
_910560
245 1 0 _aThe Glass-Blowers
_cDaphne Du Maurier.
260 _aNueva York
_bDoubleday
_c1963
300 _a348 p.
_bil.
_c22 cm.
500 _aCEF47
650 1 4 _aLiteratura inglesa
_910561
651 4 _aFrancia
_vNovela
_xHistoria
_yRevolución
_910562
902 _aGFM
942 _2lcc
_cB
999 _c3799
_d3799